<?xml version="1.0" encoding="UTF-8"?>
<record
    xmlns:xsi="http://www.w3.org/2001/XMLSchema-instance"
    xsi:schemaLocation="http://www.loc.gov/MARC21/slim http://www.loc.gov/standards/marcxml/schema/MARC21slim.xsd"
    xmlns="http://www.loc.gov/MARC21/slim">

  <leader>00473nam a22001577a 4500</leader>
  <controlfield tag="005">20260105100352.0</controlfield>
  <controlfield tag="008">260105b        |||||||| |||| 00| 0 eng d</controlfield>
  <datafield tag="020" ind1=" " ind2=" ">
    <subfield code="a">978-81-250-6385-8</subfield>
  </datafield>
  <datafield tag="100" ind1=" " ind2=" ">
    <subfield code="a">ROSE, SELVA</subfield>
  </datafield>
  <datafield tag="245" ind1=" " ind2=" ">
    <subfield code="a">CAREER ENGLISH FOR NURSES</subfield>
  </datafield>
  <datafield tag="250" ind1=" " ind2=" ">
    <subfield code="a">4TH ED</subfield>
  </datafield>
  <datafield tag="260" ind1=" " ind2=" ">
    <subfield code="a">TELANGANA, INDIA</subfield>
    <subfield code="b">ORIENT BLACKSWAN </subfield>
    <subfield code="c">2016</subfield>
  </datafield>
  <datafield tag="300" ind1=" " ind2=" ">
    <subfield code="a">XIV, 298P.</subfield>
  </datafield>
  <datafield tag="650" ind1=" " ind2=" ">
    <subfield code="a">1.ENGLISH LANGUAGE- TEXTBOOKS FOR FOREIGN SPEAKRS 2. NURSING -VOCATIONAL GUIDANCE</subfield>
  </datafield>
  <datafield tag="942" ind1=" " ind2=" ">
    <subfield code="2">lcc</subfield>
    <subfield code="c">BK</subfield>
  </datafield>
  <datafield tag="999" ind1=" " ind2=" ">
    <subfield code="c">216396</subfield>
    <subfield code="d">216396</subfield>
  </datafield>
  <datafield tag="952" ind1=" " ind2=" ">
    <subfield code="0">0</subfield>
    <subfield code="1">0</subfield>
    <subfield code="2">lcc</subfield>
    <subfield code="4">0</subfield>
    <subfield code="6">RT0021 R67  02016</subfield>
    <subfield code="7">0</subfield>
    <subfield code="8">MED</subfield>
    <subfield code="9">374182</subfield>
    <subfield code="a">KSUL</subfield>
    <subfield code="b">KSUL</subfield>
    <subfield code="c">DISPLAY</subfield>
    <subfield code="d">2026-01-05</subfield>
    <subfield code="i">110370</subfield>
    <subfield code="l">0</subfield>
    <subfield code="o">RT 21 .R67 2016</subfield>
    <subfield code="p">000000001324</subfield>
    <subfield code="r">2026-01-05 10:08:00</subfield>
    <subfield code="t">C.1</subfield>
    <subfield code="w">2026-01-05</subfield>
    <subfield code="y">BK</subfield>
  </datafield>
  <datafield tag="952" ind1=" " ind2=" ">
    <subfield code="0">0</subfield>
    <subfield code="1">0</subfield>
    <subfield code="2">lcc</subfield>
    <subfield code="4">0</subfield>
    <subfield code="6">RT0021 R67  02016</subfield>
    <subfield code="7">0</subfield>
    <subfield code="8">MED</subfield>
    <subfield code="9">374183</subfield>
    <subfield code="a">KSUL</subfield>
    <subfield code="b">KSUL</subfield>
    <subfield code="c">DISPLAY</subfield>
    <subfield code="d">2026-01-05</subfield>
    <subfield code="i">110371</subfield>
    <subfield code="l">0</subfield>
    <subfield code="o">RT 21 .R67 2016</subfield>
    <subfield code="p">000000001323</subfield>
    <subfield code="r">2026-01-05 10:08:00</subfield>
    <subfield code="t">C.2</subfield>
    <subfield code="w">2026-01-05</subfield>
    <subfield code="y">BK</subfield>
  </datafield>
  <datafield tag="952" ind1=" " ind2=" ">
    <subfield code="0">0</subfield>
    <subfield code="1">0</subfield>
    <subfield code="2">lcc</subfield>
    <subfield code="4">0</subfield>
    <subfield code="6">RT0021 R67  02016</subfield>
    <subfield code="7">0</subfield>
    <subfield code="8">MED</subfield>
    <subfield code="9">374184</subfield>
    <subfield code="a">KSUL</subfield>
    <subfield code="b">KSUL</subfield>
    <subfield code="c">DISPLAY</subfield>
    <subfield code="d">2026-01-05</subfield>
    <subfield code="i">110372</subfield>
    <subfield code="l">0</subfield>
    <subfield code="o">RT 21 .R67 2016</subfield>
    <subfield code="p">000000001322</subfield>
    <subfield code="r">2026-01-05 10:08:00</subfield>
    <subfield code="t">C.3</subfield>
    <subfield code="w">2026-01-05</subfield>
    <subfield code="y">BK</subfield>
  </datafield>
  <datafield tag="952" ind1=" " ind2=" ">
    <subfield code="0">0</subfield>
    <subfield code="1">0</subfield>
    <subfield code="2">lcc</subfield>
    <subfield code="4">0</subfield>
    <subfield code="6">RT0021 R67  02016</subfield>
    <subfield code="7">0</subfield>
    <subfield code="8">MED</subfield>
    <subfield code="9">374185</subfield>
    <subfield code="a">KSUL</subfield>
    <subfield code="b">KSUL</subfield>
    <subfield code="c">DISPLAY</subfield>
    <subfield code="d">2026-01-05</subfield>
    <subfield code="i">110373</subfield>
    <subfield code="l">0</subfield>
    <subfield code="o">RT 21 .R67 2016</subfield>
    <subfield code="p">000000001321</subfield>
    <subfield code="r">2026-01-05 10:08:00</subfield>
    <subfield code="t">C.4</subfield>
    <subfield code="w">2026-01-05</subfield>
    <subfield code="y">BK</subfield>
  </datafield>
  <datafield tag="952" ind1=" " ind2=" ">
    <subfield code="0">0</subfield>
    <subfield code="1">0</subfield>
    <subfield code="2">lcc</subfield>
    <subfield code="4">0</subfield>
    <subfield code="6">RT0021 R67  02016</subfield>
    <subfield code="7">0</subfield>
    <subfield code="8">MED</subfield>
    <subfield code="9">374186</subfield>
    <subfield code="a">KSUL</subfield>
    <subfield code="b">KSUL</subfield>
    <subfield code="c">DISPLAY</subfield>
    <subfield code="d">2026-01-05</subfield>
    <subfield code="i">110374</subfield>
    <subfield code="l">0</subfield>
    <subfield code="o">RT 21 .R67 2016</subfield>
    <subfield code="p">000000001320</subfield>
    <subfield code="r">2026-01-05 10:08:00</subfield>
    <subfield code="t">C.5</subfield>
    <subfield code="w">2026-01-05</subfield>
    <subfield code="y">BK</subfield>
  </datafield>
  <datafield tag="952" ind1=" " ind2=" ">
    <subfield code="0">0</subfield>
    <subfield code="1">0</subfield>
    <subfield code="2">lcc</subfield>
    <subfield code="4">0</subfield>
    <subfield code="6">RT0021 R67  02016</subfield>
    <subfield code="7">0</subfield>
    <subfield code="8">MED</subfield>
    <subfield code="9">374187</subfield>
    <subfield code="a">KSUL</subfield>
    <subfield code="b">KSUL</subfield>
    <subfield code="c">DISPLAY</subfield>
    <subfield code="d">2026-01-05</subfield>
    <subfield code="i">110375</subfield>
    <subfield code="l">0</subfield>
    <subfield code="o">RT 21 .R67 2016</subfield>
    <subfield code="p">000000001319</subfield>
    <subfield code="r">2026-01-05 10:08:00</subfield>
    <subfield code="t">C.6</subfield>
    <subfield code="w">2026-01-05</subfield>
    <subfield code="y">BK</subfield>
  </datafield>
  <datafield tag="952" ind1=" " ind2=" ">
    <subfield code="0">0</subfield>
    <subfield code="1">0</subfield>
    <subfield code="2">lcc</subfield>
    <subfield code="4">0</subfield>
    <subfield code="6">RT0021 R67  02016</subfield>
    <subfield code="7">0</subfield>
    <subfield code="8">MED</subfield>
    <subfield code="9">374188</subfield>
    <subfield code="a">KSUL</subfield>
    <subfield code="b">KSUL</subfield>
    <subfield code="c">DISPLAY</subfield>
    <subfield code="d">2026-01-05</subfield>
    <subfield code="i">110376</subfield>
    <subfield code="l">0</subfield>
    <subfield code="o">RT 21 .R67 2016</subfield>
    <subfield code="p">000000017528</subfield>
    <subfield code="r">2026-01-05 10:08:00</subfield>
    <subfield code="t">C.7</subfield>
    <subfield code="w">2026-01-05</subfield>
    <subfield code="y">BK</subfield>
  </datafield>
  <datafield tag="952" ind1=" " ind2=" ">
    <subfield code="0">0</subfield>
    <subfield code="1">0</subfield>
    <subfield code="2">lcc</subfield>
    <subfield code="4">0</subfield>
    <subfield code="6">RT0021 R67  02016</subfield>
    <subfield code="7">0</subfield>
    <subfield code="8">MED</subfield>
    <subfield code="9">374189</subfield>
    <subfield code="a">KSUL</subfield>
    <subfield code="b">KSUL</subfield>
    <subfield code="c">DISPLAY</subfield>
    <subfield code="d">2026-01-05</subfield>
    <subfield code="i">110377</subfield>
    <subfield code="l">0</subfield>
    <subfield code="o">RT 21 .R67 2016</subfield>
    <subfield code="p">000000017527</subfield>
    <subfield code="r">2026-01-05 10:08:00</subfield>
    <subfield code="t">C.8</subfield>
    <subfield code="w">2026-01-05</subfield>
    <subfield code="y">BK</subfield>
  </datafield>
</record>
